00301nam a2200109Ia 4500008004100000041000800041100001800049245004400067260003500111300000900146700003600155250110s9999 xx 000 0 und d aeng aShinde Nikita aBiotech Research Institute At Hinjewadi bFinal Year B. Arch, BNCAc2012 a110p aGuide Name:Sahstrabuddhe Chetan